000 00545nam a2200181Ia 4500
003 GCL
008 140319s9999 xx 000 0 ara d
040 _aGCL /
_cGCL
082 0 4 _a418
_bس ت
100 1 _aالسيد عبدالغفار
245 1 0 _aالتصور اللغوى عند الاصوليين /
_cالسيد عبدالغفار
260 _a[S.N] :
_bدار المعرفة الجامعية ،
_c1992
300 _a177 ص
490 _a
650 0 4 _aالفرق الاسلامية
650 0 4 _aالاحادية
942 _2ddc
_cBK
999 _c53541
_d53541